Catálogo

The art of Toy story 4 / (Registro nro. 41169)

Detalles MARC
000 -LEADER
fixed length control field 01568nam a2200373 i 4500
001 - CONTROL NUMBER
control field 41169
003 - CONTROL NUMBER IDENTIFIER
control field Mx-PuUPA
005 - DATE AND TIME OF LATEST TRANSACTION
control field 20260225075533.0
008 - FIXED-LENGTH DATA ELEMENTS--GENERAL INFORMATION
fixed length control field 140415s2019 caua fr 001 0 eng d
020 ## - INTERNATIONAL STANDARD BOOK NUMBER
International Standard Book Number 9781452164083
020 ## - INTERNATIONAL STANDARD BOOK NUMBER
International Standard Book Number 9781452163826
Qualifying information papel alacalino
040 ## - CATALOGING SOURCE
Original cataloging agency Mx-PuUPA
Language of cataloging spa
Transcribing agency Mx-PuUPA
Modifying agency Mx-PuUPA
Description conventions rda
041 0# - LANGUAGE CODE
Language code of text/sound track or separate title eng
043 ## - GEOGRAPHIC AREA CODE
Geographic area code n-us---
110 2# - MAIN ENTRY--CORPORATE NAME
Corporate name or jurisdiction name as entry element Disney Enterprises,
Relator term autor
245 14 - TITLE STATEMENT
Title The art of Toy story 4 /
Statement of responsibility, etc. Disney Enterprises and Pixar Animation Studios ; foreword by Annie Potts ; introduction by Josh Cooley
246 33 - VARYING FORM OF TITLE
Title proper/short title Art of Toy story four
264 #1 - PRODUCTION, PUBLICATION, DISTRIBUTION, MANUFACTURE, AND COPYRIGHT NOTICE
Place of production, publication, distribution, manufacture San Francisco, California :
Name of producer, publisher, distributor, manufacturer Chronicle Books,
Date of production, publication, distribution, manufacture, or copyright notice 2019
300 ## - PHYSICAL DESCRIPTION
Extent 159 páginas, folleto de 12 páginas añadido sin numerar :
Other physical details ilustraciones (principalmente a color) ;
Dimensions 24 cm
336 ## - CONTENT TYPE
Fuente rdacontent
Content type term texto
Content type code txt
336 ## - CONTENT TYPE
Fuente rdacontent
Content type term imagen fija
Content type code sti
337 ## - MEDIA TYPE
Source rdamedia
Media type term sin medio
Media type code n
338 ## - CARRIER TYPE
Source rdacarrier
Carrier type term volumen
Carrier type code nc
650 #7 - SUBJECT ADDED ENTRY--TOPICAL TERM
Source of heading or term armarc
Topical term or geographic name entry element Toy Story 4 (Película)
650 #7 - SUBJECT ADDED ENTRY--TOPICAL TERM
Source of heading or term armarc
Topical term or geographic name entry element Películas animadas
Geographic subdivision Estados Unidos
700 1# - ADDED ENTRY--PERSONAL NAME
Personal name Potts, Annie,
Relator term autora de prefacio
9 (RLIN) 17114
700 1# - ADDED ENTRY--PERSONAL NAME
Personal name Cooley, Josh,
Relator term autor de introducción
710 1# - ADDED ENTRY--CORPORATE NAME
Corporate name or jurisdiction name as entry element Pixar Animation Studios,
Relator term autor
942 ## - ADDED ENTRY ELEMENTS (KOHA)
Source of classification or shelving scheme Dewey Decimal Classification
Koha item type Libro
Classification part 791.43340973
Item part A78
Existencias
Withdrawn status Lost status Source of classification or shelving scheme Damaged status Not for loan Collection code Home library Current library Shelving location Date acquired Source of acquisition Cost, normal purchase price Total Checkouts Full call number Barcode Checked out Date last seen Date last checked out Cost, replacement price Price effective from Koha item type
    Dewey Decimal Classification     General Biblioteca Karol Wojtyla Biblioteca Karol Wojtyla Sala general 23/05/2025 11 427.72 1 791.43340973 A78 2019 106040 17/06/2026 03/06/2026 03/06/2026 427.72 23/05/2025 Libro